Statistics for History by Letter - A

Click here to take the quiz!

General Stats

  • This quiz has been taken 48,262 times
    (48,239 since last reset)
  • The average score is 13 of 22

Answer Stats

Hint Answer % Correct
First man on the MoonNeil Armstrong
97%
Winning side of WWIIAllies
90%
"Great" conqueror of PersiaAlexander
89%
Losing side of WWIIAxis
81%
Philosopher who tutored the aboveAristotle
80%
Civilization whose capital
was Tenochtitlan
Aztec
74%
Hun called the "Scourge of God"Attila
73%
System of segregation that
Nelson Mandela fought against
Apartheid
72%
Country invaded by the USSR in 1979Afghanistan
72%
Second President of the U.S.John Adams
70%
Roman emperor born Gaius OctaviusAugustus
59%
Greek inventor who cried "Eureka!"Archimedes
56%
Capital of the Khmer Empire,
famous for its "Wat"
Angkor
54%
Tribe that gave its name to EnglandAngles
46%
Founding father of modern TurkeyMustafa Kemal
Atatürk
43%
Capital of the Mughal Empire and
site of the Taj Mahal
Agra
39%
Country that joined with CastilleAragon
38%
First person to reach the South PoleRoald Amundsen
37%
Former name of EthiopiaAbyssinia
34%
Muhammad's successor (to Shiites)Ali
32%
Mesopotamian empire from
2500 BC to 605 BC
Assyria
30%
Saintly author of "Confessions"Augustine of
Hippo
22%

Score Distribution

Percentile by Number Answered

Percent of People with Each Score

Your Score History

You have not taken this quiz since the last reset